Formularios para la redacción de los proyectos de carreteras aprobadas por Real Decreto de 30 de marzo de 1903. (Record no. 64709)

MARC details
000 -LEADER
campo de control de longitud fija 00588nam a2200169 i 4500
001 - NÚMERO DE CONTROL
campo de control 64709
003 - IDENTIFICADOR DE NÚMERO DE CONTROL
campo de control ES-MaACL
005 - FECHA Y HORA DE LA ÚLTIMA TRANSACCIÓN
campo de control 20230906165207.0
007 - CAMPO FIJO DE DESCRIPCIÓN FÍSICA--INFORMACIÓN GENERAL
campo de control de longitud fija t|
008 - DATOS DE LONGITUD FIJA--INFORMACIÓN GENERAL
campo de control de longitud fija 040105s1913 sp ||||1| spa d
245 00 - MENCIÓN DEL TÍTULO
Título Formularios para la redacción de los proyectos de carreteras aprobadas por Real Decreto de 30 de marzo de 1903.
260 ## - PUBLICACIÓN, DISTRIBUCIÓN, ETC.
Lugar de publicación, distribución, etc. Madrid :
Nombre del editor, distribuidor, etc. Ricardo F. de Rojas,
Fecha de publicación, distribución, etc. 1913.
300 ## - DESCRIPCIÓN FÍSICA
Extensión 2 v. ;
Dimensiones 25 cm.
500 ## - NOTA GENERAL
Nota general Precede al tít.: Dirección General de Obras Públicas.
710 2# - ENTRADA AGREGADA--NOMBRE DE ENTIDAD CORPORATIVA
Nombre de entidad corporativa o nombre de jurisdicción como elemento de entrada España.
Unidad subordinada Dirección General de Obras Públicas.
9 (RLIN) 3763
852 ## - LOCALIZACIÓN
Ubicación ES-MaACL
Número de control de estantería F-9901-2
Holdings
Estatus retirado Estado de pérdida Estado de daño No para préstamo Biblioteca de origen Biblioteca actual Ubicación en estantería Fecha de adquisición Fuente de adquisición Total de préstamos Signatura topográfica completa Código de barras Visto por última vez Precio de reemplazo Tipo de ítem Koha
        Biblioteca del Ateneo de Madrid Biblioteca del Ateneo de Madrid Sala Pecera Planta 2 17/01/2008     F-9901-2 1067802 23/02/2023 23/02/2023 Libro impreso